000 00902 a2200229 4500
001 24238
005 20260407155527.0
008 260407a2014 arg spa d
003 AR-UNSa-BCEJYS
040 _aAR-UNSa-BCEJYS
_bspa
_cAR-UNSa-BCEJYS
080 _a657.36
_xBalances de comprobación (balance estimativo). Balances de saldo. Balance intermedio
245 1 0 _aMi primer balance
020 _a978-987-01-1603-5
264 1 _aBuenos Aires :
_bErrepar
_c2014
300 _axiv, 188 p.
_c27 cm.
505 _a1. Tareas iniciales - 2. Rubros.registraciones.ajustes - 3. Confección de estados contables - 4. Presentación de estados contables - 5. Tareas finales.
041 _aspa
942 _cBK
590 _aniveau_biblio:m niveau_hierar:0
100 1 _aMantovan, Flavio A.
856 4 1 _uhttps://biblioeco.unsa.edu.ar/pmb/images/libros/Mi primer balance.jpg
_yImagen de portada
_qimage/jpeg
999 _c1168
_d1168